000 00305cam a22001217a 4500
008 180718b1989 xxu||||| |||| 00| 0 eng d
082 _aN4x54 Sh13
100 _aShah, G.
245 _aIndian police: a retrospect
_cby G. Shah
260 _aDelhi
_bCosmo
_c1989
300 _a224p.
650 _aPolice - India
999 _c354104
_d354104